[Event "14th EUR-ch"]
[Site "Legnica POL"]
[Date "2013.05.11"]
[Round "7"]
[White "Blubaum, Matthias"]
[Black "Mastrovasilis, Dimitrios"]
[Result "0-1"]
[WhiteElo "2511"]
[BlackElo "2610"]
[EventDate "2013.05.05"]
[PlyCount "86"]

1.d4 d5 2.c4 c6 3.Nc3 Nf6 4.e3 a6 5.Qc2 g6 6.Bd3 Bg7 7.Nf3 O-O 8.O-O Bg4 
9.Ne5 Be6 10.b3 c5 11.cxd5 Nxd5 12.Nxd5 Bxd5 13.Qxc5 Bxe5 14.dxe5 Bxg2 15.
Rd1 Qd5 16.Qxd5 Bxd5 17.f4 Nc6 18.Kf2 Rfd8 19.Ba3 Kf8 20.Bc5 Be6 21.Bb6 
Rd5 22.Be2 Nb4 23.Bd4 Rd7 24.Rd2 Rc8 25.Bf3 Rdc7 26.Rad1 Bd5 27.a3 Bxf3 
28.Kxf3 Nd5 29.Bb2 e6 30.a4 Kg7 31.f5 gxf5 32.Rg1+ Kf8 33.Rdg2 b5 34.axb5 
axb5 35.Rg7 h6 36.Rh7 Rc2 37.Bd4 Rc1 38.Rg3 R8c2 39.Rg2 Rxg2 40.Kxg2 Rb1 
41.Rxh6 Rxb3 42.Kf2 Kg7 43.Rh4 Nc3 0-1

[Event "14th EUR-ch"]
[Site "Legnica POL"]
[Date "2013.05.11"]
[Round "7"]
[White "Oleksienko, Mykhailo"]
[Black "Yakovenko, Dmitry"]
[Result "1/2-1/2"]
[WhiteElo "2565"]
[BlackElo "2731"]
[EventDate "2013.05.05"]
[PlyCount "81"]

1.e4 e5 2.Nf3 Nc6 3.Nc3 Nf6 4.d4 exd4 5.Nxd4 Bb4 6.Nxc6 bxc6 7.Bd3 d5 8.
exd5 cxd5 9.O-O O-O 10.h3 c6 11.Qf3 Rb8 12.Bf4 Bd6 13.b3 Rb7 14.Rad1 Re7 
15.Ne2 Bxf4 16.Qxf4 Rfe8 17.Nd4 Qb6 18.Nf3 c5 19.Rfe1 h6 20.Rxe7 Rxe7 21.
Re1 Rxe1+ 22.Nxe1 Be6 23.Nf3 c4 24.Bf1 Ne4 25.Qe3 Qxe3 26.fxe3 Nc3 27.a3 
Nd1 28.bxc4 Nxe3 29.cxd5 Bxd5 30.Bd3 Bxf3 31.gxf3 Nd5 32.Kf2 Kf8 33.Bc4 
Nf4 34.Bf1 Ke7 35.Ke3 Nd5+ 36.Kd4 Kd6 37.h4 Nf4 38.Ke4 Ne6 39.Bc4 g6 40.f4
Nc5+ 41.Kf3 1/2-1/2

[Event "14th EUR-ch"]
[Site "Legnica POL"]
[Date "2013.05.11"]
[Round "7"]
[White "Nepomnyaschy, Yan"]
[Black "Grigorian, Karen"]
[Result "1-0"]
[WhiteElo "2710"]
[BlackElo "2559"]
[EventDate "2013.05.05"]
[PlyCount "110"]

1.e4 c6 2.d4 d5 3.e5 c5 4.dxc5 e6 5.Qg4 h5 6.Qg3 Nh6 7.Bd3 Na6 8.Bg5 Qa5+ 
9.Bd2 Qxc5 10.a3 Qc7 11.b4 Nb8 12.Nc3 a6 13.Nf3 g6 14.Ne2 Nc6 15.h3 Bg7 
16.Bf4 h4 17.Nxh4 Bxe5 18.O-O Bd7 19.c4 dxc4 20.Bxc4 Bxf4 21.Nxf4 O-O-O 
22.Rac1 Kb8 23.Rfe1 g5 24.Qxg5 Rdg8 25.Qf6 Nf5 26.Nxe6 fxe6 27.Nxf5 Rf8 
28.Qb2 exf5 29.a4 Qb6 30.Red1 Bc8 31.b5 Na5 32.Bf1 Ka8 33.Qc3 Rd8 34.bxa6 
Rxd1 35.Rxd1 Rd8 36.Rxd8 Qxd8 37.h4 Nc6 38.h5 Qf8 39.a5 Qh6 40.axb7+ Bxb7 
41.a6 Qxh5 42.axb7+ Kxb7 43.Qd2 Kc7 44.Bb5 Ne5 45.Qd4 f4 46.Qxf4 Qd1+ 47.
Bf1 Qd6 48.Qe4 Kd8 49.g3 Nd7 50.Bc4 Nf6 51.Qd3 Ke7 52.Qxd6+ Kxd6 53.Kg2 
Ke5 54.Ba2 Ng4 55.Bb1 Kd5 1-0

[Event "14th EUR-ch"]
[Site "Legnica POL"]
[Date "2013.05.11"]
[Round "7"]
[White "Nisipeanu, Liviu-Dieter"]
[Black "Grandelius, Nils"]
[Result "1/2-1/2"]
[WhiteElo "2679"]
[BlackElo "2556"]
[EventDate "2013.05.05"]
[PlyCount "85"]

1.Nf3 Nf6 2.c4 g6 3.Nc3 d5 4.cxd5 Nxd5 5.Qb3 Nb6 6.d4 Bg7 7.e4 O-O 8.Be3 
Bg4 9.Rd1 Nc6 10.d5 Ne5 11.Be2 Nxf3+ 12.gxf3 Bh5 13.f4 Bxe2 14.Kxe2 Qc8 
15.a4 Bxc3 16.Qxc3 Nxa4 17.Qd4 Qd7 18.b3 Nb6 19.f5 f6 20.Rhg1 Kf7 21.Rg3 
Rg8 22.e5 fxe5 23.Qxe5 gxf5 24.Rf3 Rg6 25.Rxf5+ Rf6 26.Rf4 Qh3 27.d6 cxd6 
28.Rxd6 Rxf4 29.Qxf4+ Ke8 30.Rh6 Qd7 31.Rxh7 Qb5+ 32.Ke1 Qxb3 33.Rh8+ Kd7 
34.Qd4+ Kc6 35.Qc5+ Kd7 36.Qd4+ Kc6 37.Rh6+ Kb5 38.Rh5+ Ka6 39.Bd2 Nc4 40.
Qa1+ Kb6 41.Qd4+ Ka6 42.Qa1+ Kb6 43.Qd4+ 1/2-1/2

[Event "14th EUR-ch"]
[Site "Legnica POL"]
[Date "2013.05.11"]
[Round "7"]
[White "Zhigalko, Sergei"]
[Black "Jianu, Vlad-Cristian"]
[Result "1-0"]
[WhiteElo "2660"]
[BlackElo "2555"]
[EventDate "2013.05.05"]
[PlyCount "81"]

1.e4 c5 2.c3 Nf6 3.e5 Nd5 4.Nf3 d6 5.d4 cxd4 6.cxd4 e6 7.Bc4 Nc6 8.O-O Be7
9.Bd2 O-O 10.Nc3 Nxc3 11.Bxc3 d5 12.Bd3 Bd7 13.Rc1 b5 14.Bd2 Qb6 15.Bg5 
Bxg5 16.Bxh7+ Kxh7 17.Nxg5+ Kg6 18.Qd3+ f5 19.Qg3 Qxd4 20.Nxe6+ Qg4 21.
Nxf8+ Rxf8 22.Qa3 b4 23.Qa6 Kh7 24.Rxc6 Bxc6 25.Qxc6 Qe4 26.Qe6 Rf6 27.Qe7
Rg6 28.g3 a5 29.Rd1 Qe2 30.Qh4+ Rh6 31.Qd4 Re6 32.f4 Rc6 33.Qd3 Qxd3 34.
Rxd3 Rc1+ 35.Kf2 Rc2+ 36.Kf3 Rxb2 37.e6 Kg8 38.Rxd5 Kf8 39.Rxf5+ Ke7 40.
Rxa5 Kxe6 41.h4 1-0

[Event "14th EUR-ch"]
[Site "Legnica POL"]
[Date "2013.05.11"]
[Round "7"]
[White "Moranda, Wojciech"]
[Black "Georgiev, Kiril"]
[Result "1/2-1/2"]
[WhiteElo "2560"]
[BlackElo "2657"]
[EventDate "2013.05.05"]
[PlyCount "99"]

1.d4 Nf6 2.c4 g6 3.Nc3 d5 4.Nf3 Bg7 5.Qa4+ Bd7 6.Qb3 dxc4 7.Qxc4 O-O 8.Bf4
Na6 9.e4 c5 10.e5 Nh5 11.Be3 cxd4 12.Qxd4 Bc6 13.Be2 Qa5 14.O-O Nb4 15.Qc5
Qxc5 16.Bxc5 Nd5 17.Nxd5 Bxd5 18.g3 Rfe8 19.Rfe1 e6 20.Be3 Bf8 21.Rec1 Ng7
22.g4 Rec8 23.a3 Ne8 24.Ne1 Bg7 25.Nd3 Bc4 26.f4 f6 27.Re1 fxe5 28.Nxe5 
Bxe2 29.Rxe2 Nf6 30.Rae1 Rc7 31.Bf2 b6 32.h3 Rac8 33.Bg3 Rc2 34.Nf3 Nd5 
35.Rxe6 Bxb2 36.f5 gxf5 37.gxf5 Rf8 38.R6e4 h5 39.Nh4 Bxa3 40.Kh1 Rfc8 41.
Rg1 Bc5 42.Bf2+ Kf7 43.Bxc5 R8xc5 44.Nf3 Nc3 45.Ne5+ Kf6 46.Nd7+ Kxf5 47.
Re8 Rd5 48.Rf1+ Kg5 49.Rg8+ Kh4 50.Rf4+ 1/2-1/2

[Event "14th EUR-ch"]
[Site "Legnica POL"]
[Date "2013.05.11"]
[Round "7"]
[White "Stocek, Jiri"]
[Black "Zviagintsev, Vadim"]
[Result "1/2-1/2"]
[WhiteElo "2549"]
[BlackElo "2655"]
[EventDate "2013.05.05"]
[PlyCount "120"]

1.d4 Nf6 2.c4 e6 3.Nc3 Bb4 4.e3 O-O 5.Bd3 d5 6.Ne2 dxc4 7.Bxc4 c5 8.O-O 
cxd4 9.exd4 Nc6 10.a3 Bd6 11.h3 h6 12.Be3 Ne7 13.Qd2 Bd7 14.Rad1 Rc8 15.
Ba2 Bc6 16.Nf4 Bb8 17.d5 Nexd5 18.Nfxd5 exd5 19.Bf4 Qb6 20.Bxh6 Qc7 21.g3 
gxh6 22.Qxh6 Qe5 23.Rfe1 Qf5 24.Nxd5 Bxd5 25.Rxd5 Nxd5 26.Bb1 Rc2 27.Bxc2 
Qxc2 28.Qg5+ Qg6 29.Qxd5 Qf6 30.Qxb7 Rd8 31.Re4 Kf8 32.Kg2 Be5 33.Qb4+ Bd6
34.Qa5 Rc8 35.Qa6 Rc7 36.Qb5 Re7 37.Rxe7 Qxe7 38.b4 Qe4+ 39.Kg1 Qe1+ 40.
Kg2 Qe4+ 41.Kg1 Be5 42.Qc5+ Kg7 43.Qe7 Qd4 44.Qg5+ Kf8 45.Qh6+ Ke7 46.Qg5+
Ke6 47.Qg8 Qd1+ 48.Kg2 Qd5+ 49.Kg1 Bd4 50.Qg4+ Ke7 51.h4 Kf8 52.Qc8+ Kg7 
53.Qg4+ Kf8 54.Qc8+ Ke7 55.Qg4 Bb6 56.Qf4 Qd3 57.Kg2 Qxa3 58.Qe5+ Kd7 59.
Qd5+ Ke7 60.Qe5+ Kd7 1/2-1/2

[Event "14th EUR-ch"]
[Site "Legnica POL"]
[Date "2013.05.11"]
[Round "7"]
[White "Halkias, Stelios"]
[Black "Kurnosov, Igor"]
[Result "1/2-1/2"]
[WhiteElo "2549"]
[BlackElo "2654"]
[EventDate "2013.05.05"]
[PlyCount "82"]

1.Nf3 Nf6 2.c4 g6 3.g3 Bg7 4.Bg2 c5 5.Nc3 O-O 6.O-O Nc6 7.d4 cxd4 8.Nxd4 
Qa5 9.e3 d6 10.Bxc6 bxc6 11.Nxc6 Qc7 12.Nd5 Nxd5 13.cxd5 Ba6 14.Re1 Bb5 
15.Bd2 Bxc6 16.Rc1 Bxb2 17.Rxc6 Qd7 18.Qc2 Rab8 19.Kg2 h5 20.Rc7 Rfc8 21.
Qxg6+ fxg6 22.Rxd7 Rc2 23.Ba5 Bf6 24.a4 Ra2 25.Rxa7 Rbb2 26.Rf1 Rxa4 27.
Bb6 Rxa7 28.Bxa7 Rb7 29.Bd4 Bxd4 30.exd4 Rb5 31.Re1 Kf7 32.h4 Rxd5 33.Re4 
Ra5 34.Kf3 Ra3+ 35.Re3 Ra4 36.Rd3 Ke6 37.Ke4 d5+ 38.Ke3 Kf5 39.Rb3 e6 40.
f3 Ra2 41.Rb8 Ra3+ 1/2-1/2

[Event "14th EUR-ch"]
[Site "Legnica POL"]
[Date "2013.05.11"]
[Round "7"]
[White "Goganov, Alexei"]
[Black "Safarli, Eltaj"]
[Result "1/2-1/2"]
[WhiteElo "2552"]
[BlackElo "2651"]
[EventDate "2013.05.05"]
[PlyCount "66"]

1.c4 Nf6 2.Nf3 g6 3.Nc3 d5 4.cxd5 Nxd5 5.Qb3 Nb6 6.d4 Bg7 7.Bf4 Be6 8.Qa3 
O-O 9.e3 N8d7 10.Rd1 Nd5 11.Nxd5 Bxd5 12.Be2 c6 13.O-O Re8 14.Bg3 Qb6 15.
Nd2 a5 16.Bc4 Qb4 17.Bxd5 cxd5 18.Nb1 Rec8 19.Rc1 Bf8 20.Rc3 e6 21.Rb3 
Qxa3 22.Nxa3 b6 23.Nb5 Rc2 24.Rb1 Bb4 25.Kf1 Rac8 26.a3 Bd2 27.Ke2 a4 28.
Rd3 Bc3+ 29.Kd1 Bxb2 30.Rd2 Rc1+ 31.Ke2 Bc3 32.Rd1 Rxd1 33.Kxd1 Ba5 
1/2-1/2

[Event "14th EUR-ch"]
[Site "Legnica POL"]
[Date "2013.05.11"]
[Round "7"]
[White "Mirzoev, Azer"]
[Black "Fridman, Daniel"]
[Result "1/2-1/2"]
[WhiteElo "2543"]
[BlackElo "2648"]
[EventDate "2013.05.05"]
[PlyCount "80"]

1.d4 Nf6 2.Nf3 e6 3.c4 d5 4.Nc3 dxc4 5.e3 a6 6.Bxc4 b5 7.Be2 Bb7 8.O-O 
Nbd7 9.a3 c5 10.dxc5 Bxc5 11.b4 Be7 12.Bb2 O-O 13.Rc1 Qb6 14.Qb3 Rfd8 15.
Rfd1 Rac8 16.h3 Bd6 17.Qa2 Ba8 18.Qa1 h6 19.Nb1 Rxc1 20.Rxc1 Qb8 21.Nbd2 
Rc8 22.Rxc8+ Qxc8 23.Qc1 Qxc1+ 24.Bxc1 Nb6 25.Bb2 Ne4 26.Nxe4 Bxe4 27.Nd2 
Bb7 28.f4 Nd7 29.Kf2 f5 30.Bf3 Bxf3 31.Kxf3 e5 32.e4 g6 33.exf5 gxf5 34.
fxe5 Nxe5+ 35.Bxe5 Bxe5 36.Nb3 Bb2 37.Nc5 Kf7 38.Nxa6 Bxa3 39.Nc7 Bxb4 40.
Nxb5 Kf6 1/2-1/2

[Event "14th EUR-ch"]
[Site "Legnica POL"]
[Date "2013.05.11"]
[Round "7"]
[White "Miton, Kamil"]
[Black "Yilmaz, Mustafa"]
[Result "1/2-1/2"]
[WhiteElo "2624"]
[BlackElo "2537"]
[EventDate "2013.05.05"]
[PlyCount "111"]

1.d4 d5 2.c4 c6 3.Nc3 Nf6 4.Nf3 a6 5.c5 g6 6.g3 Bg7 7.Bg2 O-O 8.O-O Nbd7 
9.Bf4 Nh5 10.Bg5 h6 11.Bd2 f5 12.Na4 Qe8 13.Bc3 Nhf6 14.b4 Rb8 15.Bb2 g5 
16.e3 Ne4 17.Ne5 Nxe5 18.dxe5 g4 19.Bd4 h5 20.Nb2 h4 21.Nd3 hxg3 22.hxg3 
Bh6 23.a4 Rf7 24.Ra2 Rh7 25.b5 cxb5 26.axb5 axb5 27.Qb3 e6 28.Rb1 Bd7 29.
Nc1 Bf8 30.Ne2 Nxc5 31.Bxc5 Bxc5 32.Nf4 Bc6 33.Ra5 Bf8 34.Qc3 Rd7 35.Nd3 
Qd8 36.Ra2 Rc7 37.Nf4 Be8 38.Qa5 b6 39.Qa6 Bd7 40.Bf1 Rcc8 41.Bxb5 Bc5 42.
Qa4 Bxb5 43.Qxb5 Qe8 44.Qxe8+ Rxe8 45.Ra7 d4 46.exd4 Bxd4 47.Rb5 Bc5 48.
Rd7 Rbd8 49.Rxd8 Rxd8 50.Nxe6 Rd5 51.Nxc5 bxc5 52.e6 Re5 53.Rb6 Kg7 54.Rc6
Kf6 55.Kf1 Ke7 56.Kg2 1/2-1/2

[Event "14th EUR-ch"]
[Site "Legnica POL"]
[Date "2013.05.11"]
[Round "7"]
[White "Rakhmanov, Aleksandr"]
[Black "Jaracz, Pawel"]
[Result "1/2-1/2"]
[WhiteElo "2616"]
[BlackElo "2527"]
[EventDate "2013.05.05"]
[PlyCount "80"]

1.d4 Nf6 2.Nf3 e6 3.e3 c5 4.Bd3 Nc6 5.O-O d5 6.b3 Bd6 7.Bb2 O-O 8.Nbd2 b6 
9.Ne5 Bb7 10.a3 Rc8 11.Qe2 Ne7 12.Rad1 Qc7 13.h3 b5 14.Bxb5 cxd4 15.exd4 
Qxc2 16.Rb1 Ne4 17.Nxe4 dxe4 18.Qxc2 Rxc2 19.Nc4 Bf4 20.Ne3 Bxe3 21.fxe3 
Nf5 22.Rfc1 Rfc8 23.Bc4 Rd2 24.Bc3 Ra2 25.Re1 Bd5 26.Bxd5 exd5 27.Rb2 Rxa3
28.Bb4 Ra6 29.Bc5 h5 30.Rf2 g6 31.Rb2 Rb8 32.Kf2 Ra5 33.b4 h4 34.Ree2 Ra1 
35.Ra2 Rb1 36.Rxa7 Ng3 37.Re1 Nh1+ 38.Kf1 Ng3+ 39.Kf2 Nh1+ 40.Kf1 Ng3+ 
1/2-1/2

[Event "14th EUR-ch"]
[Site "Legnica POL"]
[Date "2013.05.11"]
[Round "7"]
[White "Volkov, Sergei"]
[Black "Dragun, Kamil"]
[Result "0-1"]
[WhiteElo "2610"]
[BlackElo "2520"]
[EventDate "2013.05.05"]
[PlyCount "146"]

1.d4 Nf6 2.c4 e6 3.Nc3 Bb4 4.a3 Bxc3+ 5.bxc3 c5 6.f3 Nc6 7.e4 d6 8.Ne2 Qa5
9.Kf2 Qc7 10.Ng3 b6 11.Be2 Na5 12.Bg5 h6 13.Bxf6 gxf6 14.Nf1 Ba6 15.Ne3 
O-O-O 16.Rf1 Kb8 17.Rc1 Rhe8 18.Re1 Qe7 19.Kg1 f5 20.exf5 Qg5 21.Bd3 exf5 
22.Nxf5 Rxe1+ 23.Qxe1 Bxc4 24.h4 Qf4 25.Be4 d5 26.Bb1 Bb5 27.Qe5+ Qxe5 28.
dxe5 Nc4 29.Nxh6 Nxe5 30.f4 Rh8 31.fxe5 Rxh6 32.g3 Re6 33.Re1 d4 34.Bf5 
Rh6 35.cxd4 cxd4 36.Kf2 Rh5 37.Bg4 Rh8 38.Rd1 Rd8 39.Bf5 Rd5 40.g4 Rxe5 
41.Rxd4 Re2+ 42.Kg3 Re3+ 43.Kf4 Rxa3 44.h5 Rh3 45.Be4 a5 46.Bg2 Rc3 47.
Rd8+ Kc7 48.h6 Bd3 49.Rf8 Rc4+ 50.Kg3 Rd4 51.Rxf7+ Rd7 52.Rf4 Re7 53.g5 b5
54.Rf6 b4 55.g6 b3 56.h7 Re8 57.Rf8 Rxf8 58.g7 Rf3+ 59.Kxf3 Bxh7 60.Ke3 
Bg8 61.Kd4 a4 62.Bd5 b2 63.Be4 a3 64.Kc3 Kd6 65.Bb1 Ke5 66.Bc2 Kf6 67.Bd3 
Kxg7 68.Bb1 Kf6 69.Bd3 Be6 70.Bb1 Ke5 71.Bc2 Bf5 72.Kb3 Bxc2+ 73.Kxa3 b1=R
0-1

[Event "14th EUR-ch"]
[Site "Legnica POL"]
[Date "2013.05.11"]
[Round "7"]
[White "Zoler, Dan"]
[Black "Pashikian, Arman"]
[Result "0-1"]
[WhiteElo "2533"]
[BlackElo "2603"]
[EventDate "2013.05.05"]
[PlyCount "112"]

1.d4 Nf6 2.c4 e6 3.Nf3 d5 4.Nc3 Bb4 5.Qa4+ Nc6 6.e3 O-O 7.Bd2 Re8 8.a3 Bd6
9.Rd1 h6 10.c5 Bf8 11.Be2 e5 12.dxe5 Nxe5 13.Nxe5 Rxe5 14.Qd4 Re8 15.Bc1 
c6 16.O-O Bf5 17.b4 Ne4 18.Bb2 Qg5 19.Bf3 h5 20.Kh1 Rad8 21.Bxe4 dxe4 22.
Qc4 Rxd1 23.Rxd1 Re6 24.Rd4 Qh4 25.Qf1 b6 26.cxb6 axb6 27.Ne2 Bd6 28.f4 
Qg4 29.Rd2 c5 30.bxc5 bxc5 31.Rd5 h4 32.h3 Qg6 33.a4 Be7 34.a5 Ra6 35.Bc3 
Qe6 36.Rd2 Qc4 37.Qa1 Rg6 38.Kh2 Bc8 39.Qb2 Qe6 40.Qb8 Kh7 41.f5 Bd6+ 42.
Rxd6 Qxd6+ 43.Be5 Rxg2+ 44.Kxg2 Qd1 45.Kf2 Ba6 46.Qb2 f6 47.Bf4 Bd3 48.Bd6
c4 49.Bb4 Qh1 50.Qd2 Qxh3 51.Bd6 c3 52.Qxc3 Qf3+ 53.Kg1 Qxe3+ 54.Kh2 Qxe2+
55.Kh3 Qf2 56.Qc5 e3 0-1

[Event "14th EUR-ch"]
[Site "Legnica POL"]
[Date "2013.05.11"]
[Round "7"]
[White "Zhigalko, Andrei"]
[Black "Predke, Alexander"]
[Result "1-0"]
[WhiteElo "2603"]
[BlackElo "2494"]
[EventDate "2013.05.05"]
[PlyCount "141"]

1.e4 e5 2.Nf3 Nc6 3.Bb5 a6 4.Ba4 Nf6 5.O-O Be7 6.Re1 b5 7.Bb3 d6 8.c3 O-O 
9.h3 Re8 10.d4 Bb7 11.Nbd2 Bf8 12.a3 h6 13.Bc2 Nb8 14.b4 Nbd7 15.Bb2 g6 
16.a4 Bg7 17.c4 exd4 18.axb5 axb5 19.cxb5 d5 20.e5 Ne4 21.Bxd4 Nxe5 22.
Nxe5 Bxe5 23.Bxe5 Rxe5 24.Nf3 Rxa1 25.Qxa1 Re8 26.Bd3 Qd6 27.Qd4 Qb6 28.
Rc1 Ng5 29.Qxb6 Nxf3+ 30.gxf3 cxb6 31.Rc7 Rb8 32.h4 Bc8 33.f4 Kg7 34.Kg2 
Kf6 35.Kf3 Be6 36.Ke3 Rd8 37.Kd4 Rd6 38.Rc6 Ke7 39.Ke5 f6+ 40.Kd4 Rxc6 41.
bxc6 Kd6 42.b5 Bf7 43.Bc2 g5 44.hxg5 hxg5 45.fxg5 fxg5 46.Bd1 Be6 47.Bh5 
Bh3 48.Be2 Bg2 49.Ke3 Bh3 50.Bd3 Bg2 51.Ke2 Bh3 52.Kf3 Be6 53.Bf1 Bf5 54.
Ke3 Be6 55.Bg2 Bg4 56.Bf3 Bh3 57.Be2 Ke5 58.Bh5 Kd6 59.Ke2 Kc5 60.f3 Kxb5 
61.Be8 g4 62.f4 Kc5 63.f5 g3 64.f6 Bg4+ 65.Ke1 Kd6 66.f7 Ke7 67.Bd7 g2 68.
Kf2 Be2 69.Be6 d4 70.Kxg2 Ba6 71.Kf3 1-0

[Event "14th EUR-ch"]
[Site "Legnica POL"]
[Date "2013.05.11"]
[Round "7"]
[White "Bukavshin, Ivan"]
[Black "Mamedov, Nidjat"]
[Result "0-1"]
[WhiteElo "2520"]
[BlackElo "2602"]
[EventDate "2013.05.05"]
[PlyCount "110"]

1.e4 c5 2.Nf3 e6 3.d4 cxd4 4.Nxd4 a6 5.Bd3 Bc5 6.Nb3 Ba7 7.O-O Ne7 8.Bf4 
Nbc6 9.Bd6 Bb8 10.Be2 O-O 11.c4 f5 12.Nc3 Bxd6 13.Qxd6 fxe4 14.Bg4 Nf5 15.
Bxf5 exf5 16.Nd5 b6 17.c5 bxc5 18.Nxc5 Rb8 19.b3 Rf7 20.Rac1 Qf8 21.Qc7 
Rb5 22.Rfd1 d6 23.Qxc6 Rxc5 24.Rxc5 dxc5 25.Nb6 Bb7 26.Qe6 Qe7 27.Qc4 e3 
28.fxe3 Qxe3+ 29.Kf1 Qe8 30.Nd5 h6 31.Nc7 Qe7 32.Nxa6 Qg5 33.Nxc5 Bxg2+ 
34.Kf2 Bc6 35.Ke1 f4 36.Ne6 Qe5+ 37.Kf2 Qe3+ 38.Kf1 Qh3+ 39.Ke1 Qe3+ 40.
Kf1 Qh3+ 41.Ke1 Re7 42.Rd6 Be8 43.Kd1 Bh5+ 44.Kc2 Qxh2+ 45.Rd2 Bg6+ 46.Kc1
Qg1+ 47.Kb2 Qb1+ 48.Ka3 Ra7+ 49.Kb4 Qe1 50.Qc8+ Kf7 51.Nd8+ Kf8 52.Ne6+ 
Ke7 53.Qc3 Rb7+ 54.Ka3 Qxe6 55.Qxg7+ Bf7 0-1

[Event "14th EUR-ch"]
[Site "Legnica POL"]
[Date "2013.05.11"]
[Round "7"]
[White "Durarbayli, Vasif"]
[Black "Aghasarian, Robert"]
[Result "0-1"]
[WhiteElo "2597"]
[BlackElo "2445"]
[EventDate "2013.05.05"]
[PlyCount "74"]

1.d4 d5 2.c4 c6 3.Nf3 Nf6 4.Nc3 dxc4 5.Ne5 Nbd7 6.Nxc4 b5 7.Nd2 e5 8.Nf3 
b4 9.Na4 e4 10.Nd2 Nb6 11.e3 Bd6 12.Nxb6 axb6 13.Qc2 O-O 14.Nxe4 Nxe4 15.
Qxe4 Re8 16.Qc2 Bb7 17.Be2 c5 18.dxc5 Rc8 19.Bf3 Bxf3 20.gxf3 Rxc5 21.Qa4 
Ra5 22.Qb3 Qa8 23.Ke2 Rf5 24.e4 Rxe4+ 25.fxe4 Qxe4+ 26.Be3 Qf3+ 27.Kd2 
Rd5+ 28.Ke1 Qxh1+ 29.Ke2 Qe4 30.h3 h5 31.Rc1 Bc5 32.Qc4 Qe5 33.Kf1 Bxe3 
34.Re1 Qd4 35.Qc2 Qd2 36.Qxd2 Bxd2 37.Rd1 Rd6 0-1

[Event "14th EUR-ch"]
[Site "Legnica POL"]
[Date "2013.05.11"]
[Round "7"]
[White "Nyback, Tomi"]
[Black "Meribanov, Vitaly"]
[Result "1-0"]
[WhiteElo "2593"]
[BlackElo "2431"]
[EventDate "2013.05.05"]
[PlyCount "71"]

1.d4 Nf6 2.c4 e6 3.Nc3 Bb4 4.e3 b6 5.Ne2 Bb7 6.a3 Bd6 7.Ng3 O-O 8.e4 Bxg3 
9.hxg3 d6 10.Bd3 e5 11.d5 Re8 12.Bg5 Nbd7 13.Qd2 Nf8 14.f3 a6 15.O-O-O Qe7
16.g4 Reb8 17.Ne2 b5 18.Ng3 bxc4 19.Nh5 c3 20.bxc3 N8d7 21.Bxf6 gxf6 22.
Qh6 Qf8 23.Nxf6+ Nxf6 24.Qxf6 Qg7 25.g5 c6 26.Rh6 Rc8 27.Rdh1 Qxf6 28.gxf6
Kf8 29.Rxh7 Ke8 30.Rg7 cxd5 31.Rh8+ Kd7 32.Rxf7+ Ke6 33.Rxc8 Bxc8 34.Rf8 
Bb7 35.exd5+ Bxd5 36.Bf5+ 1-0

[Event "14th EUR-ch"]
[Site "Legnica POL"]
[Date "2013.05.11"]
[Round "7"]
[White "Mastrovasilis, Athanasios"]
[Black "Gagunashvili, Merab"]
[Result "1/2-1/2"]
[WhiteElo "2514"]
[BlackElo "2592"]
[EventDate "2013.05.05"]
[PlyCount "23"]

1.d4 d5 2.c4 c6 3.cxd5 cxd5 4.Nc3 Nf6 5.Bf4 Nc6 6.Nf3 a6 7.Rc1 Nh5 8.Bd2 
Nf6 9.Bf4 Nh5 10.Bd2 Nf6 11.Bf4 Nh5 12.Bd2 1/2-1/2

[Event "14th EUR-ch"]
[Site "Legnica POL"]
[Date "2013.05.11"]
[Round "7"]
[White "Firat, Burak"]
[Black "Brunello, Sabino"]
[Result "0-1"]
[WhiteElo "2421"]
[BlackElo "2580"]
[EventDate "2013.05.05"]
[PlyCount "84"]

1.e4 e5 2.Nf3 Nc6 3.Nc3 Nf6 4.Bb5 Bb4 5.O-O O-O 6.d3 d6 7.Bg5 Bxc3 8.bxc3 
Qe7 9.Re1 Nd8 10.d4 Ne6 11.Bc1 Rd8 12.Bf1 Nf8 13.Nd2 Ng6 14.g3 Bg4 15.f3 
Be6 16.d5 Bc8 17.Nb3 c6 18.c4 b6 19.a4 Ba6 20.a5 cxd5 21.cxd5 Bxf1 22.Rxf1
h6 23.Be3 Qc7 24.Qd3 Nd7 25.Ra2 Rac8 26.Rb1 Ne7 27.axb6 axb6 28.Nd2 Rf8 
29.Rba1 f5 30.Ra7 Qd8 31.Qb5 Nc5 32.Rb1 fxe4 33.fxe4 Rf7 34.Ra2 Ng6 35.
Qxb6 Qd7 36.Bxc5 Rxc5 37.Rf1 Rxf1+ 38.Nxf1 Kh7 39.Ra7 Qg4 40.Qb7 Nf4 41.
Ne3 Nh3+ 42.Kg2 Rxc2+ 0-1

[Event "14th EUR-ch"]
[Site "Legnica POL"]
[Date "2013.05.11"]
[Round "7"]
[White "Kempinski, Robert"]
[Black "Butkiewicz, Lukasz"]
[Result "1/2-1/2"]
[WhiteElo "2580"]
[BlackElo "2410"]
[EventDate "2013.05.05"]
[PlyCount "89"]

1.d4 Nf6 2.c4 c5 3.d5 e6 4.Nc3 exd5 5.cxd5 d6 6.Nf3 g6 7.Bf4 Bg7 8.Qa4+ 
Bd7 9.Qb3 Qc7 10.e4 Nh5 11.Be3 O-O 12.h3 Re8 13.Be2 Na6 14.Nd2 Nf6 15.O-O 
Rab8 16.Bf4 Bf8 17.Rfe1 Qd8 18.Qd1 b5 19.a4 Nc7 20.axb5 Bxb5 21.Bf3 Nd7 
22.Rxa7 Ne5 23.Bxe5 Rxe5 24.Qc2 Re8 25.Be2 Bxe2 26.Rxe2 Nb5 27.Nxb5 Rxb5 
28.Nc4 Rb4 29.Ra4 Qb8 30.Rxb4 Qxb4 31.g3 Rd8 32.Re3 Bg7 33.Qb3 Bd4 34.Qxb4
cxb4 35.Rd3 Bc5 36.Nd2 Kg7 37.Kg2 Ra8 38.Nb3 Bb6 39.Rd1 Ra2 40.Rd2 Bd8 41.
Nc1 Ra4 42.Rd3 Ra1 43.Ne2 Bb6 44.Rb3 Re1 45.Nf4 1/2-1/2

[Event "14th EUR-ch"]
[Site "Legnica POL"]
[Date "2013.05.11"]
[Round "7"]
[White "Ruck, Robert"]
[Black "Bulmaga, Irina"]
[Result "1-0"]
[WhiteElo "2570"]
[BlackElo "2393"]
[EventDate "2013.05.05"]
[PlyCount "67"]

1.c4 Nf6 2.Nf3 e6 3.g3 d5 4.Bg2 Be7 5.O-O O-O 6.d4 dxc4 7.Qc2 a6 8.Qxc4 b5
9.Qc2 Bb7 10.Bd2 Be4 11.Qc1 Bb7 12.Bf4 Bd6 13.Nbd2 Nd5 14.Nb3 Nxf4 15.gxf4
Nd7 16.Rd1 Qe7 17.Na5 Bd5 18.Ne1 Qh4 19.e4 Bxe4 20.Bxe4 Bxf4 21.Qc2 Qxh2+ 
22.Kf1 Rad8 23.Nc6 Rde8 24.Bg2 f5 25.Nf3 Qh6 26.Nfe5 Nf6 27.Qb3 Kh8 28.Qh3
Qg5 29.Bf3 Kg8 30.Ke2 h5 31.Rh1 g6 32.Rag1 Ng4 33.Bxg4 fxg4 34.Rxg4 1-0

[Event "14th EUR-ch"]
[Site "Legnica POL"]
[Date "2013.05.11"]
[Round "7"]
[White "Tomashevsky, Evgeny"]
[Black "Romanyshyn, Oleh"]
[Result "1/2-1/2"]
[WhiteElo "2719"]
[BlackElo "2504"]
[EventDate "2013.05.05"]
[PlyCount "61"]

1.d4 Nf6 2.c4 e6 3.Nc3 Bb4 4.e3 O-O 5.Bd3 c5 6.Nf3 d5 7.O-O Nc6 8.cxd5 
exd5 9.dxc5 Bg4 10.h3 Bh5 11.Be2 Bxc5 12.b3 Rc8 13.Bb2 Bd6 14.Rc1 Bb8 15.
Nh4 Qd6 16.g3 Bxe2 17.Nxe2 Qe6 18.Bxf6 Qxf6 19.Kg2 Rcd8 20.Nf3 Be5 21.Rc5 
Qd6 22.Rc2 Bf6 23.Rd2 Qa3 24.Qb1 g6 25.Rfd1 Nb4 26.Ne1 Qa5 27.Nd3 Nc6 28.
Ndf4 Nb4 29.Nd3 Nc6 30.Ndf4 Nb4 31.Nd3 1/2-1/2

[Event "14th EUR-ch"]
[Site "Legnica POL"]
[Date "2013.05.11"]
[Round "7"]
[White "Akopian, Vladimir"]
[Black "Michiels, Bart"]
[Result "1-0"]
[WhiteElo "2705"]
[BlackElo "2505"]
[EventDate "2013.05.05"]
[PlyCount "95"]

1.Nf3 Nf6 2.g3 d5 3.Bg2 c6 4.O-O Bf5 5.c4 e6 6.cxd5 exd5 7.d3 Na6 8.b3 Be7
9.Bb2 O-O 10.Nbd2 h6 11.Qc2 Bh7 12.a3 Nc7 13.e4 a5 14.Nd4 Na6 15.Bh3 Nc5 
16.Bf5 Re8 17.Bxh7+ Nxh7 18.Nf5 Ne6 19.f4 Bf8 20.Kg2 dxe4 21.dxe4 Nc5 22.
Rf3 Qd7 23.e5 g6 24.Nd4 Be7 25.Nc4 Qc7 26.e6 f5 27.g4 Bf6 28.gxf5 Rad8 29.
Ne5 Bxe5 30.fxe5 Qxe5 31.fxg6 Qg5+ 32.Kh1 Nf6 33.Rf5 Qg4 34.Rxf6 Rxd4 35.
Bxd4 Qxd4 36.Raf1 Ne4 37.R6f4 Rxe6 38.Qg2 Rf6 39.Rxf6 Nxf6 40.Qf2 Qd5+ 41.
Qf3 Qxf3+ 42.Rxf3 Kg7 43.Rf5 a4 44.bxa4 Kxg6 45.Ra5 Ne4 46.Ra7 Nc5 47.a5 
Kf5 48.Rxb7 1-0

[Event "14th EUR-ch"]
[Site "Legnica POL"]
[Date "2013.05.11"]
[Round "7"]
[White "Cheparinov, Ivan"]
[Black "Airapetian, Yury"]
[Result "0-1"]
[WhiteElo "2700"]
[BlackElo "2498"]
[EventDate "2013.05.05"]
[PlyCount "80"]

1.e4 g6 2.d4 Bg7 3.Nc3 c6 4.Be3 d6 5.h3 Nd7 6.Nf3 e5 7.Qd2 Ngf6 8.dxe5 
dxe5 9.O-O-O Qe7 10.a4 O-O 11.Qd6 Qxd6 12.Rxd6 Re8 13.Bc4 Bf8 14.Rd2 Bb4 
15.Ng5 Re7 16.Rhd1 h6 17.Nf3 Bxc3 18.bxc3 Nxe4 19.Rd3 Kg7 20.Bb3 Nec5 21.
Rd6 Ne4 22.R6d3 b6 23.Nd2 Ndc5 24.Nxe4 Nxe4 25.f3 Ng5 26.Rd8 Ne6 27.R8d6 
c5 28.a5 bxa5 29.R1d5 Nf4 30.Bxf4 exf4 31.Rd8 a4 32.Bxa4 Be6 33.Rxa8 Bxd5 
34.Rc8 Re2 35.Rxc5 Be6 36.Rc7 Rxg2 37.Bc6 Kf6 38.Be4 Bxh3 39.c4 h5 40.c5 
h4 0-1

[Event "14th EUR-ch"]
[Site "Legnica POL"]
[Date "2013.05.11"]
[Round "7"]
[White "Matinian, Nikita"]
[Black "Sutovsky, Emil"]
[Result "0-1"]
[WhiteElo "2491"]
[BlackElo "2673"]
[EventDate "2013.05.05"]
[PlyCount "64"]

1.e4 c5 2.Nf3 Nc6 3.Bb5 g6 4.Bxc6 bxc6 5.O-O Bg7 6.Re1 Nf6 7.e5 Nd5 8.c4 
Nc7 9.d4 cxd4 10.Qxd4 O-O 11.Qh4 f6 12.Nc3 Ne6 13.Ne4 fxe5 14.Nfg5 Nxg5 
15.Bxg5 Qc7 16.Rad1 d6 17.Bxe7 Rf4 18.Bxd6 Qxd6 19.Rxd6 Rxh4 20.g3 Rxe4 
21.Rxe4 Bf5 22.Re3 c5 23.Rb3 e4 24.Rb7 Bd4 25.b4 Rf8 26.bxc5 Bxc5 27.Rc6 
Bxf2+ 28.Kg2 Bd4 29.Rd6 Bc5 30.Rd5 e3 31.Re5 Bd3 32.Kh3 e2 0-1